A manual of greek antiquities (Record no. 68499)
[ view plain ]
| 000 -LEADER | |
|---|---|
| campo de control de longitud fija | 00618nam a2200205 i 4500 |
| 001 - NÚMERO DE CONTROL | |
| campo de control | 68499 |
| 003 - IDENTIFICADOR DE NÚMERO DE CONTROL | |
| campo de control | ES-MaACL |
| 005 - FECHA Y HORA DE LA ÚLTIMA TRANSACCIÓN | |
| campo de control | 20250812022435.0 |
| 007 - CAMPO FIJO DE DESCRIPCIÓN FÍSICA--INFORMACIÓN GENERAL | |
| campo de control de longitud fija | t| |
| 008 - DATOS DE LONGITUD FIJA--INFORMACIÓN GENERAL | |
| campo de control de longitud fija | 040630s1898 xxk ||||1| eng d |
| 100 1# - ENTRADA PRINCIPAL--NOMBRE DE PERSONA | |
| Nombre de persona | Gardner, Percy. |
| 9 (RLIN) | 55515 |
| 245 12 - MENCIÓN DEL TÍTULO | |
| Título | A manual of greek antiquities |
| Resto del título | : / |
| Mención de responsabilidad, etc. | books I-V by Percy Gardner ; books VI-IX by Frank Byron Jevons. |
| 250 ## - MENCION DE EDICION | |
| Mención de edición | 2ª ed. |
| 260 ## - PUBLICACIÓN, DISTRIBUCIÓN, ETC. | |
| Lugar de publicación, distribución, etc. | London : |
| Nombre del editor, distribuidor, etc. | Cherles Griffin, |
| Fecha de publicación, distribución, etc. | 1898. |
| 300 ## - DESCRIPCIÓN FÍSICA | |
| Extensión | 2 v. ; |
| Dimensiones | 19 cm. |
| 650 #7 - PUNTO DE ACCESO ADICIONAL DE MATERIA--TÉRMINO DE MATERIA | |
| Término de materia o nombre geográfico como elemento de entrada | Arte griego |
| Fuente del encabezamiento o término | embne |
| 9 (RLIN) | 10221 |
| 700 1# - ENTRADA AGREGADA--NOMBRE PERSONAL | |
| Nombre de persona | Jevons, Frank Byron. |
| 9 (RLIN) | 66384 |
| 852 ## - LOCALIZACIÓN | |
| Ubicación | ES-MaACL |
| Número de control de estantería | D-1344-5 |
| Estatus retirado | Estado de pérdida | Estado de daño | No para préstamo | Colección | Biblioteca de origen | Biblioteca actual | Ubicación en estantería | Fecha de adquisición | Fuente de adquisición | Total de préstamos | Signatura topográfica completa | Código de barras | Visto por última vez | Precio de reemplazo | Tipo de ítem Koha |
|---|---|---|---|---|---|---|---|---|---|---|---|---|---|---|---|
| Libros del s. XIX | Biblioteca del Ateneo de Madrid | Biblioteca del Ateneo de Madrid | Sala Valle Inclán | 17/01/2008 | D-1344-5 | 901071707 | 23/02/2023 | 23/02/2023 | Libro impreso antiguo |
